[Event "DSOL 06 Liga Gr-D 1st"]
[Site "Playchess.com INT"]
[Date "2020.08.10"]
[Round "2.3"]
[White "Baltes, Klaus"]
[Black "Weczerek, Dieter"]
[Result "1-0"]
[WhiteElo "1505"]
[BlackElo "1667"]
[PlyCount "113"]
[EventDate "2020.06.22"]
[EventType "team-tourn (rapid)"]
[EventCountry "GER"]
[SourceTitle "EXT 2021"]
[Source "ChessBase"]
[SourceDate "2020.10.23"]
[SourceVersion "1"]
[SourceVersionDate "2020.10.23"]
[SourceQuality "1"]
[WhiteTeam "Brackweda II"]
[BlackTeam "Fallersleben"]
[WhiteTeamCountry "GER"]
[BlackTeamCountry "GER"]

1. d4 d6 2. c4 e5 3. dxe5 dxe5 4. Qxd8+ Kxd8 5. e4 c6 6. Be3 Be6 7. Nf3 f6 8. Be2 Nd7 9. 0-0 Bc5 10. Bxc5 Nxc5 11. Rd1+ Kc7 12. Nc3 Ne7 13. b3 Rad8 14. b4 Na6 15. a3 Rxd1+ 16. Rxd1 Rd8 17. Rxd8 Kxd8 18. c5 Nc7 19. Nd2 g6 20. Bc4 Bxc4 21. Nxc4 Ne8 22. f3 Kc7 23. Kf2 b5 24. Ne3 Kd7 25. Ng4 Ke6 26. g3 f5 27. exf5+ gxf5 28. Ne3 h5 29. g4 f4 30. Nf1 hxg4 31. fxg4 Nf6 32. h3 Ned5 33. Nxd5 Ne4+ 34. Ke2 cxd5 35. h4 Nf6 36. Kf3 d4 37. Nd2 Kd5 38. g5 Nh5 39. Kg4 Ng7 40. h5 e4 41. h6 e3 42. hxg7 exd2 43. g8Q+ Ke4 44. Qh7+ Ke3 45. Qh3+ Ke2 46. Qf3+ Ke1 47. Qh1+ Ke2 48. Qg2+ Ke1 49. Qg1+ Ke2 50. Qg2+ Ke1 51. Qxd2+ Kxd2 52. c6 d3 53. c7 Ke3 54. c8Q d2 55. Qc3+ Ke2 56. Qxd2+ Kxd2 57. Kxf4 1-0

[Event "DSOL 06 Liga Gr-D 1st"]
[Site "Playchess.com INT"]
[Date "2020.07.27"]
[Round "6.4"]
[White "Krumm, Christian"]
[Black "Baltes, Klaus"]
[Result "0-1"]
[WhiteElo "1260"]
[BlackElo "1505"]
[PlyCount "88"]
[EventDate "2020.06.22"]
[EventType "team-tourn (rapid)"]
[EventCountry "GER"]
[SourceTitle "EXT 2021"]
[Source "ChessBase"]
[SourceDate "2020.10.23"]
[SourceVersion "1"]
[SourceVersionDate "2020.10.23"]
[SourceQuality "1"]
[WhiteTeam "Ersingen"]
[BlackTeam "Brackweda II"]
[WhiteTeamCountry "GER"]
[BlackTeamCountry "GER"]

1. e4 e6 2. d4 d5 3. Nc3 c6 4. Nf3 Nd7 5. Bd3 dxe4 6. Nxe4 Ngf6 7. Bg5 Be7 8. 0-0 Nxe4 9. Bxe7 Qxe7 10. Bxe4 Nf6 11. Bd3 0-0 12. Re1 Rd8 13. c3 Nd5 14. Qc2 g6 15. Rad1 Nf4 16. Bf1 Bd7 17. g3 Nh5 18. Be2 Ng7 19. Ne5 Be8 20. h4 f6 21. Nd3 Bf7 22. a3 b6 23. b4 Rac8 24. Rb1 Rc7 25. b5 cxb5 26. Rxb5 Rdc8 27. Rb3 Nf5 28. Qd2 Qf8 29. Rc1 Qg7 30. a4 Qh6 31. Qxh6 Nxh6 32. Nf4 e5 33. d5 exf4 34. Rd1 Rxc3 35. Rxc3 Rxc3 36. d6 Rc8 37. d7 Rd8 38. Bb5 Be6 39. Rd6 Kf7 40. gxf4 Nf5 41. Rd2 Nxh4 42. Rd3 Nf5 43. Rd2 Ke7 44. Re2 Nd4 0-1